Hydrostaticko - mechanický prenos energie

Gespeichert in:
Bibliographische Detailangaben
Hauptverfasser: Málik, Ladislav (Verfasst von), Šoška, MIlan (Verfasst von)
Format: Buch
Sprache:Slowakisch
Veröffentlicht: Žilina : Žilinská univerzita, 2002
Ausgabe:1. vyd.
Schlagworte:
Tags: Tag hinzufügen
Keine Tags, Fügen Sie das erste Tag hinzu!

MARC

LEADER 00000nam a22000003a 4500
001 stu78846
005 20150617225639.3
008 030130s2002----xo------------------slo-d
020 |a 80-7100-980-6 
040 |a STU  |b slo 
041 0 |a slo 
044 |a xo 
080 |a 62-3 
100 1 |a Málik, Ladislav  |4 aut 
245 1 |a Hydrostaticko - mechanický prenos energie 
250 |a 1. vyd. 
260 |a Žilina :  |b Žilinská univerzita,  |c 2002 
300 |a 158 s 
650 7 |a hydrostatisko - mechanické prevodovky  |2 stusub 
700 1 |a Šoška, MIlan  |4 aut 
996 |b 284J010360  |c J*100443  |l JJSK  |s A  |a 24  |w stu78846_0001 
996 |b 284J010359  |c J*100442  |l JJSK  |s A  |a 24  |w stu78846_0002